00341nam a2200121Ia 4500008004100000082001100041245003400052250000600086260005100092300000800143630003400151730003400185090124s9999 xx 000 0 und d b305203 a बाकी शुन्य a1 bवालावलकर कमलेशc2005 a520 a बाकी शुन्य a बाकी शुन्य